| 000 | 00428nam a2200145Ia 4500 | ||
|---|---|---|---|
| 008 | 210210b1972 xxu||||| |||| 00| 0 eng d | ||
| 082 | _a428.24 BANS | ||
| 100 | _aBANSAL (R K) and HARRISON (J B). | ||
| 245 | _aSpoken english for India a manual of speech and phonetics. | ||
| 260 |
_aNew Delhi. _bOrient Longman Ltd., _c1972 |
||
| 300 | _axiv,199 | ||
| 650 | _aSpoken Language | ||
| 690 | _aEnglish Usage | ||
| 906 | _aSG00630 | ||
| 999 |
_c112375 _d112375 |
||